Offensive Führungstaktik

Guardado en:
Detalles Bibliográficos
Autor principal: Juran, Joseph M.
Otros Autores: Folchert, H.
Formato: Libro
Lenguaje:alemán
Publicado: München Moderne Industrie 1966
Edición:1. Aufl.
Etiquetas: Agregar Etiqueta
Sin Etiquetas, Sea el primero en etiquetar este registro!

MARC

LEADER 00000nam a2200000 4500
001 c024231
005 20221220102328.1
041 0 |a ger 
044 |a DE 
245 1 0 |a Offensive Führungstaktik  |c Joseph M. Juran ; [Z angl. prel.] H. Folchert 
250 |a 1. Aufl. 
264 1 |a München  |b Moderne Industrie  |c 1966 
300 |a 487 s. 
100 1 |a Juran, Joseph M. 
700 1 |a Folchert, H.